000 00461nam a2200145 i 4500
001 90189
003 ES-MaACL
007 t|
008 050119s1902 fr ||||1| fre d
100 1 _aLe Dantec, Félix.
_970865
245 1 2 _aL'unite dans l'être vivant
_b: essai d'une biologie chimique /
_cpar Félix Le Dantec.
260 _aParis :
_bFélix Alcan,
_c1902 (
_eCoulommiers :
_fPaul Brodard)
300 _aVIII, 412 p. ;
_c22 cm.
852 _aES-MaACL
_jB-6328
999 _c90189
_d90189